Sổ kho

Kaydedildi:
Detaylı Bibliyografya
Materyal Türü: Kitap
Dil:Undetermined
Konular:
Etiketler: Etiketle
Etiket eklenmemiş, İlk siz ekleyin!
Thư viện lưu trữ: Trung tâm Học liệu Trường Đại học Cần Thơ
LEADER 00364nam a2200133Ia 4500
001 CTU_148397
008 210402s9999 xx 000 0 und d
020 |c 11500 
082 |a 651.3 
082 |b S450 
245 0 |a Sổ kho 
650 |a Office management,Quản trị văn phòng 
904 |i Tuyến 
980 |a Trung tâm Học liệu Trường Đại học Cần Thơ